| 000 | 01005nam a2200277 a 4500 | ||
|---|---|---|---|
| 001 | 000039621 | ||
| 003 | DO-SdBNP | ||
| 005 | 20230904115329.0 | ||
| 006 | a||||gr|||| 00| 0 | ||
| 007 | ta | ||
| 008 | 130712s1988 dr 000 0 spa d | ||
| 040 |
_aDO-SdBNP _bspa _cBNPHU _erda |
||
| 082 | 4 |
_a22 _bC352p |
|
| 100 | 1 |
_aCastillo Objio, Luis Conrado del, _d1888-1927. _958934 _eautor |
|
| 245 | 1 | 0 |
_aProlegómenos de enseñanza cívica / _cLuis Conrado del Castillo. |
| 264 | 1 |
_aSanto Domingo : _bCorripio, _c1988 |
|
| 300 |
_av. ; _c23 cm. |
||
| 336 |
_2rdacontent _atexto _btxt |
||
| 337 |
_2rdamedia _asin mediación _bn |
||
| 338 |
_2rdacarrier _avolumen _bnc |
||
| 490 | 1 | _aLuis Conrado del Castillo Rodríguez Objío | |
| 500 | _aEsta colección es publicada con motivo a la conmemoración del centenario del nacimiento de Luis Conrado Del Castillo Rodríguez ocurrido éste el 20 de mayo de 1888. | ||
| 500 | _aLa Biblioteca posee el v.I | ||
| 590 | _aInventariado 2023 / MF | ||
| 942 |
_2ddc _cLBS1 |
||
| 999 |
_c39111 _d39111 |
||